Greek pottery in the Bronze Age
Αποθηκεύτηκε σε:
| Κύριος συγγραφέας: | |
|---|---|
| Μορφή: | Βιβλίο |
| Γλώσσα: | English |
| Δημοσίευση: |
London :
Methuen,
c1967.
|
| Θέματα: | |
| Ετικέτες: |
Προσθήκη ετικέτας
Δεν υπάρχουν, Καταχωρήστε ετικέτα πρώτοι!
|
MARC
| LEADER | 00000cam a2200000 a 4500 | ||
|---|---|---|---|
| 001 | 1/123959 | ||
| 008 | 211124s1967####uk | ||| |||| ||eng|| | ||
| 040 | |a GR-MyUa |b gre |c GR-MyUa |e AACR2 | ||
| 041 | 0 | |a eng | |
| 082 | 7 | |a 738.309391 |2 (23) | |
| 100 | 1 | |a Lacy, A. D. | |
| 245 | 1 | 0 | |a Greek pottery in the Bronze Age / |c A. D. Lacy. |
| 260 | |a London : |b Methuen, |c c1967. | ||
| 300 | |a xv, 303 σ. : |b εικ. , χάρτ., φωτ. ; |c 27 εκ. | ||
| 504 | |a Βιβλιογραφία : σ. [288]-290. Ευρετήριο. | ||
| 650 | 0 | |a Bronze age |z Greece. | |
| 650 | 0 | |a Pottery, Mycenaean. | |
| 650 | 0 | |a Pottery, Greek. | |
| 767 | 0 | 8 | |i Μεταφρασμένο ως: |t Η Ελληνική κεραμεική της εποχής του Χαλκού / |
| 852 | |a INST |b RHODES |e 20211124 |h 738.309391 LAC |p 005400042420 |q 005400042420 |t BK |y 0 | ||
| 970 | |z 24-11-2021 | ||